Geography Quiz

Random Geography or City Quiz

Lightning Storm Skylines Quiz Stats

Quiz Updated Feb 13, 2016

Challenge
Share
Tweet
Score 0/18 Timer 06:00
2 Plays Today
% Correct
Paris, France
99.8%
Sydney, Australia
95%
Seattle, United States
90.2%
London, United Kingdom
87.1%
Rio de Janeiro, Brazil
83.7%
New York, United States
79.4%
Giza, Egypt
73.8%
Kuala Lumpur, Malaysia
52.4%
Chicago, United States
50.2%
% Correct
Dubai, United Arab Emirates
49.1%
Vatican City, Vatican City
43.9%
Agra, India
41.1%
Shanghai, China
37.4%
Moscow, Russia
36.3%
Florence, Italy
31.8%
Tokyo, Japan
30.8%
Frankfurt, Germany
10.5%
Johannesburg, South Africa
2.1%

You're not logged in!

Compare scores with friends on all Sporcle quizzes.
Sign Up with Email
OR
Log In

You Might Also Like...

Show Comments

Extras

Top Quizzes Today


Score Distribution

Your Account Isn't Verified!

In order to create a playlist on Sporcle, you need to verify the email address you used during registration. Go to your Sporcle Settings to finish the process.